000
00182nam a2200085 4500
001
1255658
005
20251211094627.0
245
_a
ASİ ATEŞ
_c
ANN SEI LIN
260
_b
TİMAŞ YAYINLARI
999
_c
1255658
_d
1255658